Normal view
MARC view
- المحاكم - القضايا الحقوقية - قوانين وتشريعات - الاردن - قانون مدني - الاردن
Entry Topical Term
001 - CONTROL NUMBER
- control field: 47349
003 - CONTROL NUMBER IDENTIFIER
- control field: JO-AjAnu
005 - DATE AND TIME OF LATEST TRANSACTION
- control field: 20230606081822.0
008 - FIXED-LENGTH DATA ELEMENTS
- fixed length control field: 230606|| aca||aabn | a|a d
040 ## - CATALOGING SOURCE
- Original cataloging agency: JO-AjAnu
- Transcribing agency: JO-AjAnu
150 ## - HEADING--TOPICAL TERM
- Topical term or geographic name entry element: المحاكم - القضايا الحقوقية - قوانين وتشريعات - الاردن - قانون مدني - الاردن
670 ## - SOURCE DATA FOUND
- Source citation: Work cat.: (JO-AjAnu)24230: اعداد المكتب الفني بادارة ابراهيم ابو رحمة؛ عضوية: محمد استانبولي، دورين بطرس، نقابة المحامين, author 47348, المبادئ القانونية لمحكمة التمييز في القضايا الحقوقية المنشورة في مجلة نقابة المحامين منذ بداية سنة 1996 حتى نهاية سنة 1999 (د-ع)، الجزء التاسع، القسم الثالث